| 000 | 00812cab a2200253 4500 | ||
|---|---|---|---|
| 001 | WB3447-26 | ||
| 008 | 090401t1998 xxu||||| |||| 00| 0 eng d | ||
| 035 | _a(Sirsi) u90257 | ||
| 041 | _aeng | ||
| 245 | _aCouncils warned on power line anxiety | ||
| 260 | _c1998 | ||
| 350 | _a0 | ||
| 490 |
_aScotsman _v10 December 1998, 8(1) |
||
| 520 | _aThe Scottish Office will send a circular to all council planning departments outlining the public`s concern over the health risk posed by high-voltage power lines and mobile phone masts. | ||
| 650 | _aHEALTH RISKS | ||
| 650 | _aLOCAL AUTHORITIES | ||
| 650 | _aMOBILE PHONE MASTS | ||
| 650 | _aPOWER LINES | ||
| 650 | _aSCOTTISH OFFICE | ||
| 650 | _aTELECOMMUNICATIONS MASTS | ||
| 690 | _aPLANNING LAW AND PRACTICE | ||
| 942 | _n0 | ||
| 948 | _c11/12/1998 | ||
| 999 |
_c57198 _d57198 |
||